Administración educacional: primera parte

Saved in:
Bibliografiske detaljer
Main Authors: Velasco Barraza, Carlos Rubén (Author), Cervellino Albizú, Antonio (Author)
Format: Bog
Sprog:spansk
Udgivet: Santiago CPEIP 1988
Serier:Proyecto de Perfeccionamiento de Equipos Directivos Superiores
Fag:
Tags: Tilføj Tag
Ingen Tags, Vær først til at tagge denne postø!

MARC

LEADER 00000nam a2200000 a 4500
001 UCW5768
003 CL-VaPUC
008 910808e19880000CL |||||||||||||||||spa|d
082 0 4 |a 371.2  |b VEL  |2 21 
100 0 |a Velasco Barraza, Carlos Rubén  |e author  |9 310772 
700 0 |a Cervellino Albizú, Antonio  |e author  |9 310773 
245 1 0 |a Administración educacional: primera parte 
300 |a 60 p 
942 |c BK 
945 |d 19910808 00:00:00 
260 |a Santiago  |b CPEIP  |c 1988 
650 0 |a Administración de la enseñanza   |9 261034 
650 0 |a Gestión educacional   |9 261035 
583 |a last modification  |c 20170427 11:37:45  |k Rodrigo Vera 
490 0 |a Proyecto de Perfeccionamiento de Equipos Directivos Superiores 
999 |c 219094  |d 219092 
952 |0 0  |1 0  |4 0  |6 371_200000000000000_VEL_1988  |7 0  |8 A  |9 209614  |a BIBEDU  |b BIBEDU  |d 2019-11-15  |i 2775034  |o 371.2 VEL 1988  |p 2775034  |r 2019-11-15  |w 2019-11-15  |y BK  |k EDU